000 00812nam a2200265 a 4500
001 29959
003 BD-RjUL
005 20211209051504.0
008 140408s1940 enk b 001 0 eng
020 _a0333005724
035 _a(BD-RjUL)30044
040 _aHarvard Univ. Library
_cJNA
_dOCL
_dMDU
_dBD-RjUL
_beng
041 _aeng
082 _a121
_bAYF 1971
100 1 _aAyer, A. J.
_q(Alfred Jules),
_d1910-1989
_991165
245 1 4 _aThe foundations of empirical knowledge /
_cby Alfred J. Ayer.
260 _aLondon :
_bMacmillan,
_c1940 [Reprinted 1971]
300 _ax, 276 p. :
_c22 cm.
504 _aIncludes bibliographical footnotes and index.
650 0 _aKnowledge, Theory of.
_991166
650 0 _aPerception.
_991167
942 _2ddc
_cBK
999 _c29959
_d29959